000 00452nam a22001217a 4500
999 _c10126
_d10126
003 OSt
008 201218b ||||| |||| 00| 0 eng d
245 _aCSI Communications
250 _a2009(Sep Vol.33 No.6, Sep Vol.33 No.6, Sep Vol.33 No.6, Oct Vol.33 No.7, Oct Vol.33 No.7, Nov Vol.33 No.8, Nov Vol.33 No.8, Dec Vol.33 No.9, Dec Vol.33 No.9)
260 _aMumbai
_bComputer Society of India
650 _aComputer Science Engineering
942 _2ddc
_cBV